Tom Hanks Movies - Sudden Death - Statistics

General Stats
  • This quiz has been taken 63,034 times
  • The average score is 11 of 22
Answers on the Grid
Answers color-coded by a green-red scale on the quiz's grid according to % correct below.
A League of Their Own
American Beauty
Apocalypse Now
Apollo 13
Asteroid City
Austin Powers
Big
Bridge of Spies
Captain Jack
Captain Phillips
Cast Away
Catch Me if You Can
Cloud Atlas
Cool Runnings
Elvis
Forrest Gump
Joe Versus the Volcano
Mr. Popper’s Penguins
Parasite
Pearl Harbor
Philadelphia
Pulp Fiction
Rocket Man
Saving Private Ryan
Sleepless in Seattle
Snatch
Spartacus
Splash
Sully
The Green Mile
The Mummy
The ‘Burbs
Toy Story
Turner & Hooch
Under the Skin
You’ve Got Mail
 
Answer Stats
Answer % Correct
Forrest Gump
85%
Saving Private Ryan
72%
Cast Away
71%
Toy Story
70%
The Green Mile
67%
Apollo 13
65%
Catch Me if You Can
64%
Captain Phillips
60%
Big
57%
Sully
57%
Philadelphia
53%
Sleepless in Seattle
51%
You’ve Got Mail
51%
A League of Their Own
49%
Turner & Hooch
38%
Bridge of Spies
36%
Elvis
36%
Splash
28%
Asteroid City
27%
Cloud Atlas
27%
Joe Versus the Volcano
25%
The ‘Burbs
22%
No matching quizzes found
Score Distribution
Percent of People with Each Score
Percentile by Number Answered
Your Score History
You have not taken this quiz